Rapid Fire Easy Geography - Statistics

General Stats
  • This quiz has been taken 87 times
  • The average score is 12 of 50
Answer Stats
Question Answer % Correct
What major geographic feature covers much of Egypt? A desert
97%
Sydney, Melbourne, Perth, and Brisbane are large cities in which country? Australia
97%
What is the capital city of Germany? Berlin
91%
What is the most populous city in Turkey? Istanbul
91%
Rome is the capital city of which country? Italy
88%
Which of the following is the name of a Canadian province? Ontario
82%
What are the Andes? A mountain range
76%
The Rio Grande forms part of the border between which two North American countries? United States and Mexico
68%
Where is the Aegean Sea? Near southeastern Europe
56%
Which of the following countries is typically considered to be in the "New World"? Argentina
53%
In which country is the (largest) city of London? United Kingdom
53%
Which of the following countries is directly south of (metropolitan) France? Spain
50%
The Gobi Desert is primarily located in which country? China
47%
Which of the following countries borders Brazil? Venezuela
44%
What is the largest country in the world by land area? Russia
38%
What is Budapest? A city
29%
Which river in the United States does not share its name with a US state? Columbia
29%
Where is the Eiffel Tower? Paris, France
24%
Where in the world is the city of Stockholm located? North of the tropics
18%
Which of the following is not the name of a current country? Rhodesia
18%
What is the official language of the Netherlands? Dutch
15%
What is the most populous city in Canada? Toronto
15%
On which continent is Afghanistan located? Asia
9%
What entity, not recognized as a country by the United Nations, disputes ownership of Jerusalem with Israel? Palestine
9%
Which of the following countries is entirely south of the equator? South Africa
9%
As of 2024, which continent is the most populous? Asia
3%
What is the capital city of Greece? Athens
3%
What ocean separates Western Europe and North America? Atlantic
3%
Which of the following cities is in the Northern Hemisphere? Chicago
3%
Which of the following countries has a major landmark known as The Great Wall? China
3%
In what country are the Great Pyramids at Giza located? Egypt
3%
Which of the following countries borders Iran? Iraq
3%
What country controls the islands of Honshu and Hokkaido? Japan
3%
Which of the following cities is not in Europe? Johannesburg
3%
Which of the following is a real place? Serbia
3%
In which country is the state, province, or territory of Texas located? United States
3%
Which of the following is furthest South? Australia
0%
Which of the following countries lies on the equator? Brazil
0%
What is the capital city of Egypt? Cairo
0%
What would be the shortest way (distance) to travel from South Korea to Japan? Cross a body of water
0%
What is the capital city of Ireland? Dublin
0%
Which of the following countries is in Africa? Ethiopia
0%
On which continent is Portugal located? Europe
0%
What country other than the United States is closest to the cities of Los Angeles and San Diego? Mexico
0%
Through which country does a canal run connecting the Atlantic and Pacific basins for ships? Panama
0%
Which of the following countries is a major destination of Islamic pilgrimages? Saudi Arabia
0%
Which of the following is a country that makes up the United Kingdom? Scotland
0%
Which of the following countries is not (at least primarily) an island nation? Somalia
0%
Where is Singapore? Southeast Asia
0%
What country controls the island of Hawaii? United States
0%
No matching quizzes found
Score Distribution
Percent of People with Each Score
Percentile by Number Answered
Your Score History
You have not taken this quiz